00769nam a2200157 i 4500001000700000003000900007005001700016008004100033040003500074100003600109245021300145260005600358300002100414710007700435852009900512154656ES-MaACL20230906205818.0991019s1896 cu |||| | spa d aM-RAF bspa cM-RAF dCCPB | B1 aGordon y de Acosta, Antonio de.10aDiscurso leido el dia 19 de Mayo de 1896 en la sesión solemne conmemorativa de la fundación de la Real Academia de Ciencias Médicas, Físicas y Naturales de La Habana / cAntonio de Gordon y de Acosta. aLa Habana : b[s.n.], c1896 (fImprenta El Figaro) a36 p. ; c25 cm.2 aReal Academia de Ciencias Médicas, Físicas y Naturales de La Habana. aES-MaACLjT-833-F-6 z-- Enc. hol., conservando la cub. original z-- Enc. en un vol. facticio